00926nam a2200277 a 4500999001500000001000600015003000900021005001700030008004100047020001800088020001500106040002800121082001900149100002600168245009100194260004300285300002800328504004100356650002100397650003300418651002900451700001900480700002000499942001200519952011700531 c3817d381719326BD-DhUAP20210130164725.0200312s2012 ii b 000 0 eng d a9788131517642 a8131517640 aDLCcDLCdBD-DhUAPbEng00a822.33 SHA2231 aShakespeare, William.10aMeasure for measure /cWilliam Shakespeare ; edited by John Klause and J. J. M. Tobin. aNew Delhi :bCengage Learning,cc2012. aix, 308 pages ;c21 cm. aIncludes bibliographical references. 0aChastityxDrama. 0aBrothers and sistersxDrama. 0aVienna (Austria)xDrama. aKlause, John.  aTobin, J. J. M. 2ddccBK 00102ddc4070aUAPCLbUAPCLcGeneral Stacksd2020-03-12o822.33 SHAp3010019326r2020-03-12t1w2020-03-12yBK